000
00324nam a22001337a 4500
003
OSt
008
220507b ||||| |||| 00| 0 eng d
100
_a
JUNEJA,M.M
245
_a
Bhagat Singh Per Chuninda Lekh
260
_a
Panchhkula
_b
Modern Publications
_c
2015
300
_a
275
650
_a
Gernal Book
942
_2
ddc
_c
BK
999
_c
11181
_d
11181